000 00540cam a2200145 4500500
005 20251228090746.0
041 _afre
042 _adc
100 1 0 _aDaudin, Claire
_eauthor
245 0 0 _aL’Amitié Charles Péguy à Villeroy, d’après les Feuillets et les Bulletins
260 _c2016.
500 _a78
786 0 _nBulletin de l’Amitié Charles Péguy | 156 | 4 | 2016-04-15 | p. 308-314 | 0180-8567
856 4 1 _uhttps://shs.cairn.info/revue-bulletin-de-lamitie-charles-peguy-2016-4-page-308?lang=fr&redirect-ssocas=7080
999 _c1602693
_d1602693